000 01211cad a22002415a 4500
001 E147101
008 090401s2009 xxk 000 0 eng u
035 _a(Sirsi) u147101
041 0 _aeng
050 0 4 _a333.332 $2 18
110 2 _aRoyal Institution of Chartered Surveyors
_94900
245 0 4 _aThe RICS homebuyer report
_bproperty survey and valuation [sample]
_h[electronic resource]
260 _a[Coventry]
_b[RICS]
_c[2009]
505 2 _aIntroduction to the report -- About the inspection -- Summary of the condition ratings -- About the property -- Outside of the property -- Inside of the property -- Services -- Grounds (including shared areas for flats) -- Issues for your legal advisers -- Risks -- Valuation -- Surveyor's declaration -- What to do now -- Description of the HomeBuyer Service
520 _aA sample copy of the new HBR Report, which will officially launch on 1 July 2009. For the accompanying Practice Note see E147099.
521 _aAdvanced
590 _aKA
650 2 4 _aHOMEBUYERS REPORT
650 2 4 _aRICS VALUATION STANDARDS
651 4 _aUnited Kingdom
_y
690 _aPROPERTY-RESIDENTIAL PROPERTY-RESIDENTIAL PROPERTY APPRAISAL AND VALUATION
942 _n0
_2ddc
999 _c109448
_d109448